Neki pokazatelji tehničkog razvoja privrede Jugoslavije 1978

Na minha lista:
Detalhes bibliográficos
Formato: Livro
Idioma:sérvio
Publicado em: Beograd Savezni zavod za statistiku 1980
Colecção:Statistički bilten broj 1222
Tags: Adicionar Tag
Sem tags, seja o primeiro a adicionar uma tag!

MARC

LEADER 00000nam a2200000 4500
001 c136639
005 20250701083526.1
041 0 |a srp 
044 |a YU 
245 1 0 |a Neki pokazatelji tehničkog razvoja privrede Jugoslavije 1978 
264 1 |a Beograd  |b Savezni zavod za statistiku  |c 1980 
300 |a 39 s. 
490 1 |a Statistički bilten  |v broj 1222 
830 0 |a Statistički bilten  |v broj 1222